00403nam a2200109Ia 4500008004100000020001800041040002900059050002700088100001700115245013100132260003000263230222s9999||||xx |||||||||||||| ||und|| a9788121901468 cChuka University Library aSBL QP 34.5bK647 2010 aKhurmi R. S. 0aMaterials Science: A Textbook for Students of B.E./B. Tech. students of different Technical Universities  for A.M.I.E Courses aS. ChandbNew Delhic2010